[Event "Muensterland Regionalliga Gr2 2223"]
[Site "Germany"]
[Date "2023.01.14"]
[Round "4.5"]
[White "Langendijk, Andre"]
[Black "Boldrick, Marcel"]
[Result "0-1"]
[WhiteElo "1896"]
[BlackElo "1730"]
[PlyCount "64"]
[EventDate "2022.09.03"]
[EventType "team-tourn"]
[EventRounds "5"]
[EventCountry "GER"]
[SourceTitle "EXT 2024"]
[Source "ChessBase"]
[SourceDate "2023.10.10"]
[SourceVersion "1"]
[SourceVersionDate "2023.10.10"]
[SourceQuality "1"]
[WhiteTeam "Gronau"]
[BlackTeam "Borken"]
[WhiteTeamCountry "GER"]
[BlackTeamCountry "GER"]

1. d4 d5 2. Bg5 f6 3. Bh4 Nh6 4. e3 Nf5 5. Bd3 h5 6. Bxf5 Bxf5 7. h3 g5 8. Bg3 h4 9. Bh2 Qd7 10. Nd2 Nc6 11. c3 e6 12. Ne2 0-0-0 13. Qa4 Bd6 14. Bxd6 Qxd6 15. b4 Kb8 16. Nb3 e5 17. Nc5 exd4 18. Nxd4 Nxd4 19. cxd4 Rhe8 20. Rc1 Re7 21. Rc3 Be4 22. Nxe4 Rxe4 23. Ra3 Qb6 24. 0-0 f5 25. f3 Rxe3 26. Rxe3 Qxd4 27. Rd1 Qxe3+ 28. Kh1 d4 29. Qb5 d3 30. Qxf5 Qe2 31. Rg1 d2 32. Qxg5 d1Q 0-1

[Event "Muensterland Regionalliga Gr2 2223"]
[Site "Germany"]
[Date "2022.09.24"]
[Round "2.6"]
[White "Boldrick, Marcel"]
[Black "Fasselt, Hendrik"]
[Result "1/2-1/2"]
[WhiteElo "1730"]
[BlackElo "1830"]
[PlyCount "89"]
[EventDate "2022.09.03"]
[EventType "team-tourn"]
[EventRounds "5"]
[EventCountry "GER"]
[SourceTitle "EXT 2024"]
[Source "ChessBase"]
[SourceDate "2023.10.10"]
[SourceVersion "1"]
[SourceVersionDate "2023.10.10"]
[SourceQuality "1"]
[WhiteTeam "Borken"]
[BlackTeam "Raesfeld Erle II"]
[WhiteTeamCountry "GER"]
[BlackTeamCountry "GER"]

1. e4 d5 2. exd5 Qxd5 3. Nc3 Qd8 4. Nf3 Bg4 5. h3 Bxf3 6. Qxf3 c6 7. Bc4 e6 8. d3 Nf6 9. 0-0 Be7 10. Re1 0-0 11. a4 Nbd7 12. a5 a6 13. Bd2 Qc7 14. Na4 Rac8 15. Qe3 Nd5 16. Bxd5 cxd5 17. b4 Bf6 18. c3 Rfd8 19. Qe2 Qd6 20. Ra2 Rc7 21. c4 Rdc8 22. c5 Qc6 23. Nb6 Re8 24. Qh5 Nxb6 25. axb6 Rce7 26. Bg5 Bxg5 27. Qxg5 Qb5 28. Qd2 h6 29. Ra5 Qc6 30. Qa2 e5 31. Qa4 Re6 32. Qxc6 Rxc6 33. Ra2 f6 34. f3 Kf7 35. Kf2 Ree6 36. Ra3 Re7 37. Ra2 Ke8 38. Ke3 Kd7 39. Kd2 Rce6 40. Kc3 Kc6 41. Rae2 Kb5 42. Ra2 Re8 43. Ra5+ Kc6 44. Ra2 Kb5 45. Ra5+ 1/2-1/2

[Event "DSOL 03 Liga Final 1st"]
[Site "Playchess.com INT"]
[Date "2020.08.27"]
[Round "1.4"]
[White "Berndt, Matthias"]
[Black "Boldrick, Marcel"]
[Result "1-0"]
[WhiteElo "2005"]
[BlackElo "1696"]
[PlyCount "59"]
[EventDate "2020.06.22"]
[EventType "team-k.o. (rapid)"]
[EventCountry "GER"]
[SourceTitle "EXT 2021"]
[Source "ChessBase"]
[SourceDate "2020.10.23"]
[SourceVersion "1"]
[SourceVersionDate "2020.10.23"]
[SourceQuality "1"]
[WhiteTeam "Fulda"]
[BlackTeam "Borken"]
[WhiteTeamCountry "GER"]
[BlackTeamCountry "GER"]

1. e4 e5 2. Nf3 Nc6 3. d4 exd4 4. Nxd4 Bc5 5. Nb3 Bb6 6. Nc3 Nf6 7. a4 a6 8. Bg5 h6 9. Bh4 Qe7 10. Bd3 g5 11. Bg3 d5 12. 0-0 dxe4 13. Nxe4 Nxe4 14. Bxe4 Bd7 15. Re1 Be6 16. a5 Ba7 17. Bxc6+ bxc6 18. Qf3 0-0 19. Qxc6 Rfd8 20. Re2 Qf6 21. Rae1 Qf5 22. h3 Bd5 23. Qxh6 f6 24. h4 Rd7 25. hxg5 fxg5 26. Re5 Qxc2 27. Rxg5+ Kf7 28. Rg7+ Kf8 29. Qh8+ Bg8 30. Qxg8# 1-0

[Event "Muensterland Regionalliga 1920"]
[Site "Germany"]
[Date "2020.02.01"]
[Round "6.7"]
[White "Bueckers, Bernhard"]
[Black "Boldrick, Marcel"]
[Result "1-0"]
[WhiteElo "1655"]
[BlackElo "1651"]
[PlyCount "73"]
[EventDate "2019.09.07"]
[EventType "team-tourn"]
[EventRounds "7"]
[EventCountry "GER"]
[SourceTitle "EXT 2023"]
[Source "ChessBase"]
[SourceDate "2022.10.05"]
[SourceVersion "1"]
[SourceVersionDate "2022.10.05"]
[SourceQuality "1"]
[WhiteTeam "Metelen"]
[BlackTeam "Borken"]
[WhiteTeamCountry "GER"]
[BlackTeamCountry "GER"]

1. c4 e5 2. g3 Nc6 3. Bg2 f5 4. e3 Bc5 5. Ne2 Nf6 6. a3 a5 7. Nbc3 0-0 8. 0-0 d6 9. b3 Qe8 10. d4 Bb6 11. Bb2 e4 12. Nf4 Ne7 13. b4 c6 14. d5 axb4 15. axb4 Rxa1 16. Bxa1 g5 17. Nh3 h6 18. Na4 Ba7 19. Nc3 cxd5 20. Nxd5 Nfxd5 21. cxd5 Qf7 22. Qe2 Nxd5 23. Qb2 Nf6 24. Rd1 Qe7 25. Qa2+ Qf7 26. Qxa7 f4 27. Rxd6 Qh5 28. Qa2+ Kg7 29. Nxf4 gxf4 30. exf4 Qe8 31. Be5 Qb5 32. Qd2 Qc4 33. Rd4 Qa6 34. Bxe4 Kg8 35. Bxf6 Qxf6 36. Rd6 Qg7 37. Rg6 1-0

[Event "Muensterland Regionalliga 1920"]
[Site "Germany"]
[Date "2020.01.11"]
[Round "5.6"]
[White "Kuhlenbaeumer, Willi"]
[Black "Boldrick, Marcel"]
[Result "1-0"]
[WhiteElo "1925"]
[BlackElo "1661"]
[PlyCount "61"]
[EventDate "2019.09.07"]
[EventType "team-tourn"]
[EventRounds "7"]
[EventCountry "GER"]
[SourceTitle "EXT 2023"]
[Source "ChessBase"]
[SourceDate "2022.10.05"]
[SourceVersion "1"]
[SourceVersionDate "2022.10.05"]
[SourceQuality "1"]
[WhiteTeam "Bocholt"]
[BlackTeam "Borken"]
[WhiteTeamCountry "GER"]
[BlackTeamCountry "GER"]

1. e4 e5 2. Nc3 Nc6 3. f4 exf4 4. Nf3 Be7 5. Bc4 Na5 6. Be2 Bh4+ 7. Kf1 Be7 8. d4 g5 9. h4 b6 10. hxg5 Bxg5 11. g3 Bb7 12. gxf4 Be7 13. Be3 Qc8 14. Qd3 d5 15. exd5 c6 16. Ne5 Nf6 17. d6 Bxd6 18. Rh6 Rg8 19. f5 Ba6 20. Qxa6 Qxf5+ 21. Bf2 Qg5 22. Rh4 Bb4 23. Bf3 Bxc3 24. bxc3 Kf8 25. Qd3 Re8 26. Re1 h5 27. Qe3 Qf5 28. Qf4 Qe6 29. Qxf6 Qxf6 30. Nd7+ Kg7 31. Nxf6 1-0

[Event "Muenster op 36th"]
[Site "Muenster"]
[Date "2018.10.13"]
[Round "2"]
[White "Zaitsev, Mikhail"]
[Black "Boldrick, Marcel"]
[Result "1-0"]
[WhiteElo "2481"]
[BlackElo "1666"]
[PlyCount "65"]
[EventDate "2018.10.12"]
[EventType "swiss"]
[EventRounds "9"]
[EventCountry "GER"]
[SourceTitle "CBM 187 Extra"]
[Source "ChessBase"]
[SourceDate "2018.11.04"]
[SourceVersion "1"]
[SourceVersionDate "2018.11.04"]
[SourceQuality "1"]

1. e4 e5 2. Nf3 Nc6 3. Nc3 Nf6 4. a3 Bc5 5. Nxe5 Nxe5 6. d4 Bxd4 7. Qxd4 Nc6 8. Qd3 h6 9. Qg3 g5 10. Be3 d6 11. 0-0-0 a6 12. h4 g4 13. f4 gxf3 14. gxf3 Nh5 15. Qe1 Be6 16. Nd5 Ne7 17. Qc3 0-0 18. Bxh6 Nxd5 19. exd5 Bf5 20. Rg1+ Kh7 21. Bxf8 Qxf8 22. Rg5 Qh6 23. Kb1 Ng7 24. Bd3 Bxd3 25. Qxd3+ Kh8 26. Rdg1 Rg8 27. Qc3 Kh7 28. Qxc7 f6 29. Rxg7+ Rxg7 30. Rxg7+ Qxg7 31. Qxg7+ Kxg7 32. c4 b6 33. b4 1-0

[Event "Muensterland Verbandsliga 1718"]
[Site "Germany"]
[Date "2017.12.09"]
[Round "4.8"]
[White "Schenke, Conrad"]
[Black "Boldrick, Marcel"]
[Result "1/2-1/2"]
[WhiteElo "1696"]
[BlackElo "1630"]
[PlyCount "38"]
[EventDate "2017.09.09"]
[EventType "team-tourn"]
[EventRounds "9"]
[EventCountry "GER"]
[SourceTitle "EXT 2019"]
[Source "ChessBase"]
[SourceDate "2018.10.10"]
[SourceVersion "1"]
[SourceVersionDate "2018.10.10"]
[SourceQuality "1"]
[WhiteTeam "Telgte"]
[BlackTeam "Borken"]
[WhiteTeamCountry "GER"]
[BlackTeamCountry "GER"]

1. e4 e5 2. Nf3 Nc6 3. Bb5 Nge7 4. Nc3 g6 5. d3 h6 6. Be3 Bg7 7. 0-0 0-0 8. a3 d6 9. Bc4 Nd4 10. h3 a6 11. Nd5 Be6 12. Nxe7+ Qxe7 13. Bxe6 Nxf3+ 14. Qxf3 Qxe6 15. Qe2 Kh7 16. c3 Rfe8 17. Qc2 c5 18. c4 f5 19. f3 f4 1/2-1/2

[Event "Muensterland Verbandsliga 1617"]
[Site "Germany"]
[Date "2016.12.17"]
[Round "5.7"]
[White "Boldrick, Marcel"]
[Black "Esser, Peter"]
[Result "0-1"]
[WhiteElo "1488"]
[BlackElo "1758"]
[PlyCount "108"]
[EventDate "2016.09.10"]
[EventType "team"]
[EventRounds "9"]
[EventCountry "GER"]
[SourceTitle "EXT 2018"]
[Source "ChessBase"]
[SourceDate "2017.10.13"]
[SourceVersion "1"]
[SourceVersionDate "2017.10.13"]
[SourceQuality "1"]
[WhiteTeam "Borken"]
[BlackTeam "Telgte"]
[WhiteTeamCountry "GER"]
[BlackTeamCountry "GER"]

1. e4 c6 2. Nc3 d5 3. exd5 cxd5 4. d3 e5 5. g3 Nc6 6. Bg2 Be6 7. Nge2 Bb4 8. Bd2 Nge7 9. a3 Bd6 10. 0-0 0-0 11. Kh1 Qd7 12. f4 f6 13. Rc1 a6 14. Qe1 Bc5 15. b4 Ba7 16. Nd1 b5 17. Be3 Bxe3 18. Nxe3 d4 19. Nd1 Nd5 20. Qf2 Rac8 21. Re1 Qd6 22. Qf3 Rfd8 23. f5 Bf7 24. h4 a5 25. g4 axb4 26. axb4 Ncxb4 27. c3 dxc3 28. Ndxc3 Nxc3 29. Rxc3 Bd5 30. Qg3 Bxg2+ 31. Kxg2 Qd5+ 32. Kh2 Rxc3 33. Nxc3 Qc5 34. Ne4 Qc2+ 35. Qf2 Qxd3 36. g5 Rc8 37. Re3 Qd4 38. Qg3 fxg5 39. Qxg5 Nd5 40. Re2 Rf8 41. Rg2 Qa7 42. Nc5 Qe7 43. Qxe7 Nxe7 44. Ne6 Nxf5 45. Nxf8 Kxf8 46. Rf2 g6 47. h5 Ke7 48. hxg6 hxg6 49. Kh3 Nd4 50. Kg4 b4 51. Kg5 Ke6 52. Kxg6 b3 53. Kg5 Kd5 54. Rf8 Ne6+ 0-1

[Event "Dortmund Sparkassen op-B 44th"]
[Site "Dortmund"]
[Date "2016.07.16"]
[Round "8"]
[White "Boldrick, Marcel"]
[Black "Regber, Karl Heinz"]
[Result "1/2-1/2"]
[WhiteElo "1509"]
[BlackElo "1632"]
[PlyCount "67"]
[EventDate "2016.07.09"]
[EventType "swiss"]
[EventRounds "9"]
[EventCountry "GER"]
[SourceTitle "CBM 173 Extra"]
[Source "ChessBase"]
[SourceDate "2016.08.29"]
[SourceVersion "1"]
[SourceVersionDate "2016.08.29"]
[SourceQuality "1"]

1. e4 c5 2. Nf3 Nc6 3. Nc3 a6 4. d4 cxd4 5. Nxd4 e5 6. Nb3 d6 7. Be3 Be6 8. Be2 Nf6 9. 0-0 Be7 10. h3 0-0 11. Qd2 Rc8 12. Rac1 b5 13. f3 d5 14. exd5 Nxd5 15. Nxd5 Qxd5 16. Bd3 Nb4 17. Rcd1 Nxd3 18. cxd3 Qd7 19. d4 Bxb3 20. axb3 exd4 21. Bxd4 Qxd4+ 22. Qxd4 Bc5 23. Rf2 Bxd4 24. Rxd4 Rc6 25. Rfd2 g6 26. Kf2 Kg7 27. g3 Rfc8 28. f4 Re6 29. Kf3 Rce8 30. R4d3 Re1 31. Rd1 R1e2 32. R1d2 R8e3+ 33. Rxe3 Rxd2 34. Re2 1/2-1/2

[Event "Dortmund Sparkassen op-B 44th"]
[Site "Dortmund"]
[Date "2016.07.15"]
[Round "7"]
[White "Runte, Moritz"]
[Black "Boldrick, Marcel"]
[Result "1-0"]
[WhiteElo "1780"]
[BlackElo "1509"]
[PlyCount "37"]
[EventDate "2016.07.09"]
[EventType "swiss"]
[EventRounds "9"]
[EventCountry "GER"]
[SourceTitle "CBM 173 Extra"]
[Source "ChessBase"]
[SourceDate "2016.08.29"]
[SourceVersion "1"]
[SourceVersionDate "2016.08.29"]
[SourceQuality "1"]

1. e4 e5 2. Nf3 Nc6 3. Bc4 Bc5 4. c3 Nf6 5. d3 h6 6. 0-0 0-0 7. Nbd2 d5 8. exd5 Nxd5 9. Re1 Bg4 10. h3 Bh5 11. Ne4 Bb6 12. Bxh6 Nf6 13. Bg5 Bg6 14. Nxf6+ gxf6 15. Bh6 Re8 16. Nh4 Kh7 17. Qg4 Rg8 18. Bd2 Qd6 19. Nf5 1-0

[Event "Dortmund Sparkassen op-B 44th"]
[Site "Dortmund"]
[Date "2016.07.10"]
[Round "2"]
[White "Boldrick, Marcel"]
[Black "Kronenberg, Juergen"]
[Result "1-0"]
[WhiteElo "1509"]
[BlackElo "1617"]
[PlyCount "55"]
[EventDate "2016.07.09"]
[EventType "swiss"]
[EventRounds "9"]
[EventCountry "GER"]
[SourceTitle "CBM 173 Extra"]
[Source "ChessBase"]
[SourceDate "2016.08.29"]
[SourceVersion "1"]
[SourceVersionDate "2016.08.29"]
[SourceQuality "1"]

1. e4 c5 2. Nf3 e6 3. Nc3 a6 4. d4 cxd4 5. Nxd4 Qc7 6. a3 Nf6 7. Bd3 Bc5 8. Nb3 Be7 9. 0-0 d6 10. Bf4 Nbd7 11. Qf3 e5 12. Be3 b6 13. Qg3 g6 14. Nd2 Bb7 15. Be2 h5 16. f4 h4 17. Qf2 0-0-0 18. Na4 Nc5 19. Nxb6+ Qxb6 20. b4 Nfxe4 21. Nxe4 Bxe4 22. bxc5 dxc5 23. fxe5 h3 24. Bg4+ Kc7 25. Bf4 g5 26. Bg3 Qc6 27. Rab1 c4 28. Qa7+ 1-0

[Event "Gelsenkirchen Silvester op 3rd"]
[Site "Gelsenkirchen"]
[Date "2015.12.27"]
[Round "1"]
[White "Boldrick, Marcel"]
[Black "Nikolaus, Michael"]
[Result "1/2-1/2"]
[WhiteElo "1378"]
[BlackElo "1591"]
[PlyCount "47"]
[EventDate "2015.12.27"]
[EventType "swiss"]
[EventRounds "5"]
[EventCountry "GER"]
[SourceTitle "EXT 2019"]
[Source "ChessBase"]
[SourceDate "2018.10.10"]
[SourceVersion "1"]
[SourceVersionDate "2018.10.10"]
[SourceQuality "1"]

1. e4 e5 2. f4 exf4 3. Nf3 Nc6 4. d4 d5 5. Bd3 Bg4 6. c3 g5 7. 0-0 dxe4 8. Bxe4 Qd6 9. Bxc6+ Qxc6 10. Qe1+ Be7 11. Nxg5 Qd5 12. Bxf4 0-0-0 13. Ne4 Nf6 14. Nbd2 Rhg8 15. Nxf6 Bxf6 16. Bg3 Rde8 17. Qf2 Re2 18. c4 Rxf2 19. cxd5 Rxd2 20. Rxf6 Re8 21. Be5 Re7 22. d6 cxd6 23. Rxd6 Rc7 24. Rd5 1/2-1/2